[Event "Challenge"]
[Site "http://www.queenalice.com/game.php?id=628824"]
[Date "2009.8.2"]
[Round "-"]
[White "karimcool78"]
[Black "eduardoaires"]
[Result "0-1"]
[WhiteElo "1223"]
[BlackElo "1228"]

1. e4 c5 2. Bc4 e6 3. c3 Nc6 4. a3 Nf6 5. Bb5 Nxe4 6. Bd3 Nf6 7. Qe2 Be7 8. a4
O-O 9. Bb5 b6 10. h4 Bb7 11. Rh2 Bd6 12. Rh1 Ne5 13. Nf3 Nxf3+ 14. gxf3 Nh5 15.
a5 bxa5 16. Qd3 Bc7 17. Qc4 Nf4 18. Qxc5 g6 19. Rg1 Bb6 20. Qc4 Nh3 21. Rg3
Bxf2+ 22. Kd1 Bxg3 23. Na3 Nf2+ 24. Kc2 Bxf3 25. Qf1 Be4+ 26. d3 Bf5 27. Qg1
Bxh4 28. Nc4 Bxd3+ 29. Kb3 Ne4 30. Qe3 Bxc4+ 31. Bxc4 Qb8+ 32. Kc2 Nd6 33. Qd4
Nxc4 34. Qxc4 Rc8 35. Qd3 Bf6 36. Rxa5 Qb6 37. Ra4 d5 38. Rf4 Bg7 39. Rh4 h5 40.
Rf4 f5 41. Be3 Qb7 42. Rb4 Qxb4 43. Kd2 Qxb2+ 44. Ke1 Qxc3+ 45. Qxc3 Bxc3+ 46.
Kf2 a5 47. Ke2 a4 48. Kf3 a3 0-1

[Event "AUTO-INT-1472"]
[Site "http://www.queenalice.com/game.php?id=663462"]
[Date "2009.10.6"]
[Round "1"]
[White "eduardoaires"]
[Black "mestre_leonardo"]
[Result "1-0"]
[WhiteElo "1302"]
[BlackElo "1644"]

1. d4 Nf6 2. c4 e6 3. Nc3 Bb4 4. Bd2 O-O 5. e4 Bxc3 6. Bxc3 Nxe4 7. Bb4 Re8 8.
Bd3 Nf6 9. Nf3 b6 10. O-O a5 11. Bc3 d5 12. cxd5 exd5 13. Re1 Bg4 14. Be2 Ne4
15. Ne5 Bxe2 16. Qxe2 Nxc3 17. Qf3 Nb5 18. Qxf7+ Kh8 19. Ng6+ hxg6 20. Rxe8+ 1-0

[Event "AUTO-INT-1472"]
[Site "http://www.queenalice.com/game.php?id=663463"]
[Date "2009.10.6"]
[Round "1"]
[White "mestre_leonardo"]
[Black "eduardoaires"]
[Result "1-0"]
[WhiteElo "1610"]
[BlackElo "1230"]

1. e4 e5 2. Nf3 Nc6 3. Bc4 Nf6 4. Nc3 d6 5. Ng5 Be7 6. Nxf7 Qd7 7. Nxh8 Nd4 8.
Nf7 b6 9. Ng5 Ng4 10. Nxh7 Bb7 11. Nd5 Bh4 12. O-O O-O-O 13. c3 Ne6 14. Qxg4 Bf6
15. Nhxf6 1-0

[Event "AUTO-INT-1472"]
[Site "http://www.queenalice.com/game.php?id=663464"]
[Date "2009.10.6"]
[Round "1"]
[White "eduardoaires"]
[Black "fredofm"]
[Result "0-1"]
[WhiteElo "1347"]
[BlackElo "1475"]

1. d4 d5 2. e3 e6 3. c4 Nc6 4. Nc3 Nf6 5. cxd5 exd5 6. Nf3 Bb4 7. Bd2 Bxc3 8.
Bxc3 Ne4 9. Bb5 Nxc3 10. bxc3 O-O 11. O-O Bd7 12. Rb1 Na5 13. Bxd7 Qxd7 14. Ne5
Qd6 15. f4 f6 16. g3 fxe5 17. fxe5 Qg6 18. Rxf8+ Rxf8 19. Rb5 Nc4 20. Qe2 b6 21.
Rxd5 Qf5 22. Kg2 Qe4+ 0-1

[Event "AUTO-INT-1472"]
[Site "http://www.queenalice.com/game.php?id=663465"]
[Date "2009.10.6"]
[Round "1"]
[White "fredofm"]
[Black "eduardoaires"]
[Result "0-1"]
[WhiteElo "1440"]
[BlackElo "1326"]

1. e4 e5 2. Nf3 Nc6 3. d3 Nf6 4. Bg5 Be7 5. d4 exd4 6. Bxf6 Bxf6 7. Bb5 O-O 8.
Bxc6 dxc6 9. O-O Re8 10. e5 Bxe5 11. Nxe5 Rxe5 12. c3 Re4 13. cxd4 Rxd4 14. Nd2
Qg5 15. Qe1 Bh3 16. g3 Bxf1 17. Nf3 Qd5 18. Nxd4 Qg2# 0-1

[Event "AUTO-INT-1472"]
[Site "http://www.queenalice.com/game.php?id=663466"]
[Date "2009.10.6"]
[Round "1"]
[White "eduardoaires"]
[Black "Teutonik"]
[Result "0-1"]
[WhiteElo "1307"]
[BlackElo "1701"]

1. d4 e6 2. c4 d5 3. e3 c5 4. Nc3 Nf6 5. cxd5 exd5 6. Bd3 c4 7. Bc2 Nc6 8. Nf3
Bb4 9. O-O O-O 10. Bd2 Bxc3 11. Bxc3 Bg4 12. h3 Bxf3 13. Qxf3 Re8 14. Ba4 a6 15.
Rae1 b5 16. Bc2 b4 17. Bd2 a5 18. Ba4 Qc7 19. Bxc6 Qxc6 20. g4 Ne4 21. Qe2 Re7
22. Bc1 Rae8 23. a3 g6 24. axb4 axb4 25. f3 Ng3 26. Qg2 Nxf1 27. Rxf1 c3 28.
bxc3 bxc3 29. Ba3 Rxe3 30. Bc5 Re2 31. Rf2 Qb5 32. h4 c2 33. Qf1 Qb2 34. Rxe2
Rxe2 35. Qxe2 c1=Q+ 36. Qf1 Qxf1+ 37. Kxf1 f5 38. gxf5 gxf5 39. f4 Qh2 40. Bd6
Qxh4 0-1

[Event "AUTO-INT-1472"]
[Site "http://www.queenalice.com/game.php?id=663467"]
[Date "2009.10.6"]
[Round "1"]
[White "Teutonik"]
[Black "eduardoaires"]
[Result "1-0"]
[WhiteElo "1672"]
[BlackElo "1304"]

1. e4 e5 2. Nf3 Nc6 3. Nc3 Nf6 4. d4 exd4 5. Nxd4 Nxd4 6. Qxd4 Be7 7. Bc4 O-O 8.
O-O b6 9. Nd5 Bc5 10. Qc3 Nxe4 11. Qf3 Re8 12. Nxc7 Qxc7 13. Qxf7+ Kh8 14. Qxe8+
Bf8 15. Qxf8# 1-0

[Event "AUTO-INT-1380"]
[Site "http://www.queenalice.com/game.php?id=679117"]
[Date "2009.11.7"]
[Round "2"]
[White "eduardoaires"]
[Black "Antak"]
[Result "0-1"]
[WhiteElo "1341"]
[BlackElo "1955"]

1. d4 d5 2. e3 Nf6 3. c4 e6 4. Nf3 Be7 5. Be2 O-O 6. Ne5 Nbd7 7. Nxd7 Bxd7 8.
Nc3 dxc4 9. Bxc4 a6 10. O-O b5 11. Bd3 c5 12. dxc5 Bxc5 13. Qf3 Rc8 14. e4 Bd4
15. Bd2 e5 16. Rac1 Bg4 17. Qg3 Qd7 18. Be2 Bxe2 19. Nxe2 Nxe4 20. Qa3 Nxd2 21.
Rfd1 Nc4 22. Qxa6 Ra8 23. Qxa8 Rxa8 24. Rc2 Bxf2+ 0-1

[Event "Challenge"]
[Site "http://www.queenalice.com/game.php?id=687886"]
[Date "2009.11.24"]
[Round "-"]
[White "eduardoaires"]
[Black "FENIX_RJ"]
[Result "0-1"]
[WhiteElo "1328"]
[BlackElo "1389"]

1. d4 Nc6 2. e4 e5 3. d5 Nd4 4. Be3 c5 5. c3 Nf6 6. Nf3 d6 7. cxd4 cxd4 8. Bg5
Be7 9. Nh4 Bg4 10. Be2 Nxe4 11. Bxe7 Qxe7 12. Bxg4 Qxh4 13. O-O h5 14. Qa4+ Kf8
15. Bf5 Nf6 16. Nd2 g6 17. Bd3 g5 18. Nf3 Qf4 0-1